Sour-Album (Olivia Rodrigo) - Statistics

General Stats
  • This quiz has been taken 119 times
  • The average score is 9 of 11
Answer Stats
# Track % Correct
3. drivers license
98%
6. good 4 u
88%
1. brutal
87%
5. deja vu
87%
8. happier
84%
2. traitor
84%
11. hope ur ok
80%
9. jealousy, jealousy
80%
4. 1 step forward, 3 steps back
76%
7. enough for you
76%
10. favorite crime
73%
No matching quizzes found
Score Distribution
Percent of People with Each Score
Percentile by Number Answered
Your Score History
You have not taken this quiz